Alle Nationalitäten, die jemals für Bayer Leverkusen gespielt haben - Statistiken

Allgemein
  • Dieses Quiz wurde 38 mal gespielt
  • Das Durchschnittsergebnis liegt bei 49 aus 61
Antwortstatistiken
Hint Antwort % Korrekt
Europa Frankreich
100%
Europa Deutschland
97%
Europa Finnland
97%
Europa Italien
97%
Europa Niederlande
97%
Europa Schweiz
97%
Europa Belgien
94%
Europa Dänemark
94%
Europa England
94%
Europa Österreich
94%
Europa Spanien
94%
Europa Ukraine
94%
Europa Bulgarien
91%
Europa Griechenland
91%
Europa Polen
91%
Europa Russland
91%
Europa Schweden
91%
Europa Slowenien
91%
Südamerika Argentinien
89%
Südamerika Brasilien
89%
Europa Kroatien
89%
Europa Norwegen
89%
Europa Portugal
89%
Europa Slowakei
89%
Europa Tschechien
89%
Nordamerika Mexiko
86%
Europa Schottland
86%
Nordamerika Vereinigte Staaten
86%
Europa Bosnien-Herzegowina
83%
Südamerika Chile
83%
Asien Japan
83%
Nordamerika Kanada
83%
Afrika Marokko
83%
Europa Rumänien
83%
Afrika Senegal
83%
Europa Serbien
83%
Asien Südkorea
83%
Asien Türkei
83%
Europa Ungarn
83%
Afrika Algerien
80%
Ozeanien Australien
80%
Südamerika Ecuador
77%
Afrika Elfenbeinküste
77%
Afrika Ghana
77%
Europa Luxemburg
77%
Südamerika Kolumbien
74%
Afrika Nigeria
71%
Europa Nordmazedonien
69%
Südamerika Paraguay
69%
Afrika Tunesien
69%
Nordamerika Jamaika
66%
Afrika Kamerun
66%
Europa Lettland
63%
Afrika DR Kongo
60%
Asien Iran
60%
Afrika Burkina Faso
57%
Afrika Angola
51%
Afrika Guinea
49%
Afrika Mali
49%
Asien Israel
46%
Afrika Togo
40%
Keine übereinstimmenden Quizze gefunden
Verteilung der Resultate
Anzahl Personen mit jedem Resultat
Perzentil nach korrekt beantworteten Fragen
Ihre Resultats-Entwicklung
Sie haben dieses Quiz noch nicht gespielt